東名高速道路 インターチェンジ看板に表記される地名 - Statistics

General Stats
  • This quiz has been taken 295 times
  • The average score is 10 of 20
Answer Stats
番号 インター名 地名 接続道路 % Correct
8 沼津 三島 国道1号 136号 伊豆縦貫道
76%
18 豊川 豊橋 国道151号 1号
73%
小田原
71%
6 大井松田 小田原 国道246号 255号
71%
9 富士 富士宮 国道139号 1号 西富士道路
68%
12 焼津 藤枝 国道150号 1号 藤枝バイパス
67%
1 東京 世田谷 都道311号(環状八号)
64%
13-1 相良牧之原 御前崎 国道473号 ✈
61%
13 吉田 島田 国道150号 ✈
59%
7 御殿場 箱根 国道138号
54%
16 浜松 浜北 国道1号 152号
51%
5 厚木 平塚 国道129号 271号 246号 小田原厚木道路
50%
多摩
42%
下田
41%
24 小牧 犬山 国道41号 名古屋高速11号
41%
3 (東名)川崎 登戸 国道246号
37%
21 名古屋出口 瀬戸
29%
16-2 浜松西 舘山寺 国道257号
26%
3-1 横浜青葉 市ヶ尾 国道246号
23%
四日市 名二環
20%
No matching quizzes found
Score Distribution
Percent of People with Each Score
Percentile by Number Answered
Your Score History
You have not taken this quiz